| 000 | 00344nam a2200133Ia 4500 | ||
|---|---|---|---|
| 008 | 240624s9999 xx 000 0 und d | ||
| 041 | _aeng | ||
| 082 | _a658.403 STA | ||
| 100 | _aSTARK ANDREAS | ||
| 245 | _aSTUDY OF BUSINESS DECISIONS UNDER UNCERT | ||
| 260 |
_c2010 _aFlorida _bDissertation.com |
||
| 300 | _a406 p.; 25 cm. | ||
| 365 |
_c _b38 |
||
| 999 |
_c29301 _d29301 |
||